000 00297nam a22001337a 4500
008 170424b xxu||||| |||| 00| 0 eng d
020 _a9780923231392
041 _aeng
080 _24TH
_a54
100 _a12
101 _aSHM
245 _aQUANTITTIVE ANALYSIS
_cEARNEST, CH.M
942 _2udc
_cBK
999 _c11626
_d11626